Human and environmental security : (Record no. 13863)
[ view plain ]
| 000 -LEADER | |
|---|---|
| fixed length control field | 02106cam a22003134a 4500 |
| 001 - CONTROL NUMBER | |
| control field | 13978485 |
| 005 - DATE AND TIME OF LATEST TRANSACTION | |
| control field | 20170105102841.0 |
| 008 - FIXED-LENGTH DATA ELEMENTS--GENERAL INFORMATION | |
| fixed length control field | 050523s2005 enk b 001 0 eng |
| 010 ## - LIBRARY OF CONGRESS CONTROL NUMBER | |
| LC control number | 2005014879 |
| 020 ## - INTERNATIONAL STANDARD BOOK NUMBER | |
| International Standard Book Number | 1844072142 (pbk. : alk. paper) |
| 020 ## - INTERNATIONAL STANDARD BOOK NUMBER | |
| International Standard Book Number | 1844072134 (hbk. : alk. paper) |
| 035 ## - SYSTEM CONTROL NUMBER | |
| System control number | (OCoLC)ocm60515100 |
| 040 ## - CATALOGING SOURCE | |
| Original cataloging agency | DLC |
| Transcribing agency | DLC |
| Modifying agency | BAKER |
| -- | BWKUK |
| -- | IXA |
| -- | DLC |
| 042 ## - AUTHENTICATION CODE | |
| Authentication code | pcc |
| 050 00 - LIBRARY OF CONGRESS CALL NUMBER | |
| Classification number | JZ5588 |
| Item number | .H848 2005 |
| 082 00 - DEWEY DECIMAL CLASSIFICATION NUMBER | |
| Classification number | 327.1/72 |
| Edition number | 22 |
| 245 00 - TITLE STATEMENT | |
| Title | Human and environmental security : |
| Remainder of title | an agenda for change / |
| Statement of responsibility, etc. | edited by Felix Dodds and Tim Pippard. |
| 260 ## - PUBLICATION, DISTRIBUTION, ETC. | |
| Place of publication, distribution, etc. | London ; |
| -- | Sterling, VA : |
| Name of publisher, distributor, etc. | Earthscan, |
| Date of publication, distribution, etc. | 2005. |
| 300 ## - PHYSICAL DESCRIPTION | |
| Extent | xxv, 270 p. ; |
| Dimensions | 24 cm. |
| 504 ## - BIBLIOGRAPHY, ETC. NOTE | |
| Bibliography, etc. note | Includes bibliographical references and index. |
| 505 0# - FORMATTED CONTENTS NOTE | |
| Formatted contents note | A more secure world / David Hannay -- The peacebuilding commission / Anders Lidén and Anna-Karin Eneström -- Human security and the war on terror / Oliver Richmond and Jason Franks -- Achieving nuclear non-proliferation / Marian Hobbs -- Women, war, and peace / Noeleen Heyzer -- Globalization, poverty, and security / Jan Pronk -- Trade and security in an interconnected world / Hilary Benn -- Climate change / Melinda Kimble -- Migration, development, and security / Devyani Gupta -- Securing a healthier world / Christine K. Durbak and Claudia M. Strauss -- Biodiversity and security / Jeffery A. McNeely -- Food security / Henrique B. Cavalcanti -- Water security / Patricia Wouters -- Urban safety / Anna Tibaijuka -- America as empire / Jim Garrison -- The emergence and role of regional governance / Sabin Intxaurraga -- Human and environmental rights / Hannah Griffiths -- Reforming environmental governance / Serge Lepeltier -- Democracy in an uncertain world / Felix Dodds. |
| 650 #0 - SUBJECT ADDED ENTRY--TOPICAL TERM | |
| Topical term or geographic name entry element | Security, International. |
| 700 1# - ADDED ENTRY--PERSONAL NAME | |
| Personal name | Dodds, Felix. |
| 700 1# - ADDED ENTRY--PERSONAL NAME | |
| Personal name | Pippard, Tim. |
| 856 41 - ELECTRONIC LOCATION AND ACCESS | |
| Materials specified | Table of contents only |
| Uniform Resource Identifier | <a href="http://www.loc.gov/catdir/toc/fy0613/2005014879.html">http://www.loc.gov/catdir/toc/fy0613/2005014879.html</a> |
| 906 ## - LOCAL DATA ELEMENT F, LDF (RLIN) | |
| a | 7 |
| b | cbc |
| c | orignew |
| d | 1 |
| e | ecip |
| f | 20 |
| g | y-gencatlg |
| 942 ## - ADDED ENTRY ELEMENTS (KOHA) | |
| Source of classification or shelving scheme | |
| Koha item type | Book |
| Withdrawn status | Lost status | Damaged status | Not for loan | Collection code | Permanent Location | Current Location | Shelving location | Date acquired | Total Checkouts | Full call number | Barcode | Date last seen | Date last checked out | Price effective from | Koha item type |
|---|---|---|---|---|---|---|---|---|---|---|---|---|---|---|---|
| Centre for International Peace & Stability (CIPS) | Centre for International Peace & Stability (CIPS) | General Stacks | 08/01/2013 | 1 | 327.172 HUM 2007 | CIPS0000061 | 04/17/2025 | 04/10/2025 | 01/05/2017 | Book | |||||
| Centre for International Peace & Stability (CIPS) | Centre for International Peace & Stability (CIPS) | General Stacks | 10/01/2013 | 327.172 HUM 2007 | CIPS0001303 | 10/29/2013 | 01/05/2017 | Book | |||||||
| Centre for International Peace & Stability (CIPS) | Centre for International Peace & Stability (CIPS) | General Stacks | 03/22/2016 | 327.172 HUM 2007 | CIPS0002726 | 03/22/2016 | 03/22/2016 | Book |
